000 00909nam a22002897a 4500
003 CHAP
005 20220329133941.0
008 971013s1965 r 00010 d
010 _a13110
011 _a14082
035 _a18155
040 _cCHAP
082 _a636.3
_bH45 1965
100 0 0 _aHelman, Mauricio B.
_953464
245 _aOvinotecnia
250 _a2 ed.
260 _aBuenos Aires :
_bEl Ateneo,
_c1965
300 _a2 v.
_b: ilus.
505 _aContenido : v.1 Razas, producción, comercio e industria .-v.2 Crianza, mejora, manejo y administración
590 _aBATCH-UPD
_b10
_c20130110
_lUCH01
_h2107
590 _aCONVERSION
_b10
_c20130109
_lUCH01
_h1309
650 1 4 _aGanado lanar.
_945150
901 _aBK
942 _cLIBRO
949 _a636.3 H45 1965
_bBC
_cLIBRO
_d-42390
_eLIBRO
_fv.1
_h12597
_i18155
_si
949 _a636.3 H45 1965
_bBC
_cLIBRO
_d-42391
_eLIBRO
_fv.2
_h12598
_i18155
_si
999 _c13110
_d13110